00225nam a2200109Ia 4500008004100000100001400041245002000055260000900075300000900084942000700093999001500100190216s9999||||xx |||||||||||||| ||und|| aGhosh P.K 0aCost Accounting bNull a706p cBK c4042d4042